| 000 | 00554nam a22001937a 4500 | ||
|---|---|---|---|
| 003 | OSt | ||
| 005 | 20181004182357.0 | ||
| 008 | 181004b xxu||||| |||| 00| 0 eng d | ||
| 020 | _a9780789015822 | ||
| 040 | _cDNLM | ||
| 082 | _aQV373 P494s 2009 | ||
| 100 |
_aSmith, Mickey C. [et...al] _912715 |
||
| 245 | _aPharmaceutical Marketing: principles, environment, and practice | ||
| 260 | _aNew York; Informa, 2009 | ||
| 300 | _axvi,371p; ill: 22cm | ||
| 504 | _aNotes, & index included | ||
| 650 |
_aPharmaceutical marketing _912716 |
||
| 942 |
_2z _cSLOAN |
||
| 999 |
_c6157 _d6157 |
||